Club de foot par anciens logos - Statistiques

Statistiques générales
  • Ce quiz a été pris 97 fois
  • Le résultat moyen est 11 sur 16
Statistiques - réponses
Par images Réponse % Correct
Inter Milan
92%
Olympique Lyonnais
90%
Juventus
82%
Olympique de Marseille
82%
Chelsea
77%
SL Benfica
77%
Paris Saint-Germain
75%
Real Madrid
73%
Liverpool
70%
Arsenal
63%
Manchester City
61%
Manchester United
57%
Porto FC
57%
Bayern Munich
53%
FC Barcelone
53%
Atletico Madrid
38%
Aucun quiz correspondant
Distribution des résultats
% des personnes avec chaque résultat
Percentile par nombre de réponses
Votre historique - résultats
Vous n’avez pas pris ce quiz